Pop Culture Analogy Quiz - Statistics

General Stats
  • This quiz has been taken 224 times
  • The average score is 9 of 15
Answer Stats
This is to this... As... Answer % Correct
Clark Kent is to Superman Peter Parker is to _______ Spiderman
98%
Sasha Fierce is to Beyonce Slim Shady is to _______ Eminem
88%
Elvis Presley is to Rock 'n' Roll Michael Jackson is to _______ Pop
87%
Homer Simpson is to Donuts Cookie Monster is to _______ Cookies
86%
Jedi is to Lightsaber Wizard is to _______ Wand
82%
Ross Geller is to Rachel Green Han Solo is to _______ Princess Leia
69%
Kanye West is to Taylor Swift Will Smith is to _______ Chris Rock
68%
Mario is to Nintendo Sonic is to _______ Sega
57%
Taylor Swift is to Swifties Lady Gaga is to _______ Little Monsters
48%
Groot is to "I am Groot" Hodor is to _______ Hodor
39%
Daniel Radcliffe is to Harry Potter Elijah Wood is to _______ Frodo Baggins
34%
Lady Gaga is to Meat Dress Britney Snake
29%
Doc Brown is to DeLorean The Doctor is to _______ TARDIS
29%
Central Perk is to Friends Monk's Cafe is to _______ Seinfeld
21%
James Bond is to Martini The Dude is to _______ White Russian
15%
No matching quizzes found
Score Distribution
Percent of People with Each Score
Percentile by Number Answered
Your Score History
You have not taken this quiz